[Event "Heart of Finland op 27th"]
[Site "Jyvaskyla"]
[Date "2017.07.22"]
[Round "8"]
[White "Wartiovaara, Oliver"]
[Black "Monin, Nikolay"]
[Result "0-1"]
[WhiteElo "1705"]
[BlackElo "2200"]
[PlyCount "36"]
[EventDate "2017.07.17"]
[EventType "swiss"]
[EventRounds "9"]
[EventCountry "FIN"]
[SourceTitle "CBM 179 Extra"]
[Source "ChessBase"]
[SourceDate "2017.08.23"]
[SourceVersion "1"]
[SourceVersionDate "2017.08.23"]
[SourceQuality "1"]

1. d4 Nf6 2. Nf3 g6 3. g3 Bg7 4. Bg2 0-0 5. 0-0 c6 6. b3 d5 7. Bb2 Ne4 8. c4 Bf5 9. Nfd2 Nd7 10. Nxe4 Bxe4 11. f3 Bf5 12. e4 Be6 13. Qd3 dxc4 14. bxc4 Ne5 15. Qc3 Nxc4 16. Rd1 c5 17. e5 Nxb2 18. Qxb2 Bxe5 0-1

[Event "Heart of Finland op 27th"]
[Site "Jyvaskyla"]
[Date "2017.07.20"]
[Round "6"]
[White "Karppinen, Martti"]
[Black "Monin, Nikolay"]
[Result "0-1"]
[WhiteElo "1898"]
[BlackElo "2200"]
[PlyCount "112"]
[EventDate "2017.07.17"]
[EventType "swiss"]
[EventRounds "9"]
[EventCountry "FIN"]
[SourceTitle "CBM 179 Extra"]
[Source "ChessBase"]
[SourceDate "2017.08.23"]
[SourceVersion "1"]
[SourceVersionDate "2017.08.23"]
[SourceQuality "1"]

1. d4 Nf6 2. c4 g6 3. Nc3 Bg7 4. e4 d6 5. Nf3 0-0 6. Be2 Nbd7 7. 0-0 e5 8. Bg5 h6 9. Bxf6 Qxf6 10. Nd5 Qd8 11. Rc1 c6 12. Nc3 Qf6 13. d5 c5 14. a3 Rd8 15. h3 h5 16. Qd2 Qf4 17. Rcd1 Qxd2 18. Rxd2 Bh6 19. Rdd1 Kf8 20. Kh2 Ke7 21. Nh4 Bg5 22. Nf3 Bf6 23. Ng1 Nf8 24. b4 Nd7 25. Rc1 Rh8 26. Bd1 a5 27. b5 Nb6 28. Nce2 Bg5 29. Rc2 f5 30. f4 exf4 31. Nxf4 Bxf4+ 32. Rxf4 g5 33. Rf1 fxe4 34. Re1 Bf5 35. Rc3 Kf6 36. Bc2 Rae8 37. Ne2 h4 38. Rf1 Kg6 39. Kg1 Re5 40. Kf2 e3+ 41. Kg1 Bxc2 42. Rxc2 Re4 43. Rfc1 Rf8 44. Rc3 a4 45. R1c2 Rf2 46. Rxe3 Rxg2+ 47. Kxg2 Rxe3 48. Nc3 Nxc4 49. Nxa4 Rg3+ 50. Kh2 Ne5 51. Rc1 Nf3+ 52. Kh1 Rxh3+ 53. Kg2 g4 54. Rc4 Rh2+ 55. Kf1 g3 56. Rg4+ Kf5 0-1

[Event "Heart of Finland op 27th"]
[Site "Jyvaskyla"]
[Date "2017.07.20"]
[Round "5"]
[White "Monin, Nikolay"]
[Black "Sorvari, Jarmo"]
[Result "1-0"]
[WhiteElo "2200"]
[BlackElo "2040"]
[PlyCount "67"]
[EventDate "2017.07.17"]
[EventType "swiss"]
[EventRounds "9"]
[EventCountry "FIN"]
[SourceTitle "CBM 179 Extra"]
[Source "ChessBase"]
[SourceDate "2017.08.23"]
[SourceVersion "1"]
[SourceVersionDate "2017.08.23"]
[SourceQuality "1"]

1. e4 c5 2. d3 Nc6 3. g3 d5 4. Nc3 dxe4 5. dxe4 Qxd1+ 6. Nxd1 Nf6 7. f3 b6 8. Ne3 Bb7 9. Bd2 0-0-0 10. 0-0-0 e6 11. Ne2 Be7 12. Bg2 Rd7 13. Bc3 Rhd8 14. Rxd7 Rxd7 15. Rd1 h5 16. h4 g6 17. Nf4 Rxd1+ 18. Kxd1 b5 19. Nd3 Nd7 20. Bd2 c4 21. Nf4 Nc5 22. Ne2 Ne5 23. Bc3 Nc6 24. Nd4 a6 25. Nxc6 Bxc6 26. b3 cxb3 27. cxb3 Bd6 28. e5 Bc7 29. Ke2 Nd7 30. f4 Bxg2 31. Nxg2 Bb6 32. Ne1 Bc5 33. Nf3 Be7 34. Bd4 1-0

[Event "RUS-chT Seniors final"]
[Site "Sochi"]
[Date "2016.05.04"]
[Round "4.4"]
[White "Maiorov, Viktor"]
[Black "Monin, Nikolay"]
[Result "0-1"]
[WhiteElo "2047"]
[BlackElo "2224"]
[PlyCount "118"]
[EventDate "2016.05.01"]
[EventType "team-tourn"]
[EventRounds "9"]
[EventCountry "RUS"]
[SourceTitle "EXT 2018"]
[Source "ChessBase"]
[SourceDate "2017.10.13"]
[SourceVersion "1"]
[SourceVersionDate "2017.10.13"]
[SourceQuality "1"]
[WhiteTeam "Sochi Kind Hearts"]
[BlackTeam "St Petersburg Bronze Horseman"]
[WhiteTeamCountry "RUS"]
[BlackTeamCountry "RUS"]

1. e4 e6 2. d4 d5 3. Nd2 Nc6 4. Ngf3 Nf6 5. e5 Nd7 6. c3 f6 7. exf6 Qxf6 8. Bb5 e5 9. dxe5 Ncxe5 10. Nxe5 Qxe5+ 11. Qe2 c6 12. Nf3 Qxe2+ 13. Bxe2 Bd6 14. Be3 Ne5 15. Nxe5 Bxe5 16. 0-0-0 0-0 17. Rdf1 Be6 18. f4 Bc7 19. g3 Rfe8 20. Bf3 Bb6 21. Bxb6 axb6 22. a3 h6 23. Bh5 Bf7 24. Bg4 g6 25. Re1 Kg7 26. Rxe8 Rxe8 27. Kd2 Kf6 28. b4 Ra8 29. Ra1 Be6 30. Bxe6 Kxe6 31. g4 b5 32. h4 h5 33. gxh5 gxh5 34. Rg1 Rxa3 35. Rg5 d4 36. cxd4 Rf3 37. Rxh5 Rxf4 38. Ke3 Rg4 39. Rh7 Kd5 40. h5 Rh4 41. Kf3 Kc4 42. Rxb7 Rxh5 43. Rc7 Rh6 44. Ke3 Kxb4 45. d5 cxd5 46. Kd4 Rh1 47. Kxd5 Rd1+ 48. Ke4 Kb3 49. Ke3 b4 50. Ke2 Rd5 51. Rb7 Kc3 52. Rb8 b3 53. Rc8+ Kb2 54. Rb8 Kc2 55. Rb7 b2 56. Rc7+ Kb3 57. Rb7+ Kc3 58. Ke1 Ra5 59. Ke2 Ra1 0-1

[Event "Pardubice Czech op-A 26th"]
[Site "Pardubice"]
[Date "2015.07.26"]
[Round "3"]
[White "Monin, Nikolay"]
[Black "Gheng, Josef"]
[Result "0-1"]
[WhiteElo "2215"]
[BlackElo "2376"]
[PlyCount "110"]
[EventDate "2015.07.24"]
[EventType "swiss"]
[EventRounds "9"]
[EventCountry "CZE"]
[SourceTitle "CBM 167 Extra"]
[Source "ChessBase"]
[SourceDate "2015.09.14"]
[SourceVersion "1"]
[SourceVersionDate "2015.09.14"]
[SourceQuality "1"]

1. Nf3 Nf6 2. c4 g6 3. Nc3 c5 4. g3 Bg7 5. Bg2 0-0 6. d4 cxd4 7. Nxd4 Nc6 8. 0-0 Ng4 9. e3 Nge5 10. b3 d6 11. Bb2 Bg4 12. f3 Bd7 13. Qd2 Rb8 14. f4 Ng4 15. h3 Nxe3 16. Nxc6 Nxf1 17. Nxd8 Nxd2 18. Nxb7 Bxh3 19. Bxh3 Rxb7 20. Bg2 Rbb8 21. Na4 Bxb2 22. Nxb2 f5 23. Re1 Ne4 24. Bxe4 fxe4 25. Rxe4 Rb7 26. Na4 Rf5 27. Nc3 Kf7 28. Nd5 e6 29. Nc3 a6 30. Kg2 Rc7 31. Rd4 Ke7 32. Rd3 h6 33. Kf3 Rc8 34. Ke4 Rh5 35. Kf3 Rh2 36. Ne4 d5 37. cxd5 exd5 38. Rxd5 Rxa2 39. Re5+ Kf8 40. Re6 Kf7 41. Rb6 Rd8 42. Rb7+ Kf8 43. Nc5 Rd6 44. Rb8+ Ke7 45. Rb7+ Kd8 46. Rh7 Rc6 47. b4 h5 48. Ke4 Rb6 49. Kd5 Ke8 50. Nd7 Rd2+ 51. Kc5 Rb5+ 52. Kc6 Rf5 53. Ne5 Rf6+ 54. Kc5 Rd1 55. Rg7 Rg1 0-1

[Event "EU-chT Seniors"]
[Site "Vienna"]
[Date "2015.07.19"]
[Round "8.4"]
[White "Pushkov, Nikolai"]
[Black "Monin, Nikolay"]
[Result "1/2-1/2"]
[WhiteElo "2301"]
[BlackElo "2215"]
[PlyCount "120"]
[EventDate "2015.07.12"]
[EventType "team-swiss"]
[EventRounds "9"]
[EventCountry "AUT"]
[SourceTitle "CBM 167 Extra"]
[Source "ChessBase"]
[SourceDate "2015.09.14"]
[SourceVersion "1"]
[SourceVersionDate "2015.09.14"]
[SourceQuality "1"]
[WhiteTeam "Russia"]
[BlackTeam "St Petersburg"]
[WhiteTeamCountry "RUS"]
[BlackTeamCountry "RUS"]

1. d4 Nf6 2. c4 g6 3. Nc3 Bg7 4. g3 0-0 5. Bg2 d6 6. e3 Nbd7 7. Nge2 e5 8. 0-0 Re8 9. b3 h5 10. h3 e4 11. Qc2 Nf8 12. d5 N8h7 13. Nd4 Qe7 14. Bb2 Ng5 15. Kh2 Qd7 16. h4 Nf3+ 17. Kh1 Qg4 18. Nxe4 Nxd4 19. Nxf6+ Bxf6 20. Bxd4 Bxd4 21. exd4 Qxd4 22. Rad1 Qc5 23. Qd2 a5 24. Rfe1 Bd7 25. Bf3 Qb4 26. Rxe8+ Rxe8 27. Qxb4 axb4 28. Kg2 b6 29. Rd2 Kg7 30. Bd1 Bf5 31. f3 Re3 32. Bc2 Bd7 33. Bd3 Re1 34. Kf2 Rc1 35. Bc2 Bh3 36. Ke3 Re1+ 37. Kf4 Bd7 38. Bd3 f6 39. Be2 Kh6 40. Ke3 Bf5 41. Rd1 Rxd1 42. Bxd1 g5 43. Be2 Kg6 44. Bd3 gxh4 45. Bxf5+ Kxf5 46. gxh4 Ke5 47. f4+ Kf5 48. Kf3 Kg6 49. Ke4 f5+ 50. Kd3 Kf6 51. Kc2 Ke7 52. Kb2 Kd7 53. a3 bxa3+ 54. Kxa3 c5 55. dxc6+ Kxc6 56. Kb4 d5 57. Kc3 Kc5 58. b4+ Kd6 59. Kd4 dxc4 60. Kxc4 Kc6 1/2-1/2

[Event "EU-chT Seniors"]
[Site "Vienna"]
[Date "2015.07.16"]
[Round "5.4"]
[White "Monin, Nikolay"]
[Black "Singer, Hans"]
[Result "1/2-1/2"]
[WhiteElo "2215"]
[BlackElo "2165"]
[PlyCount "105"]
[EventDate "2015.07.12"]
[EventType "team-swiss"]
[EventRounds "9"]
[EventCountry "AUT"]
[SourceTitle "CBM 167 Extra"]
[Source "ChessBase"]
[SourceDate "2015.09.14"]
[SourceVersion "1"]
[SourceVersionDate "2015.09.14"]
[SourceQuality "1"]
[WhiteTeam "St Petersburg"]
[BlackTeam "Austria"]
[WhiteTeamCountry "RUS"]
[BlackTeamCountry "AUT"]

1. e4 c5 2. d3 d5 3. Nd2 Nf6 4. g3 Nc6 5. Bg2 e5 6. Ngf3 Be7 7. 0-0 0-0 8. c3 Re8 9. a3 Bf8 10. Ng5 d4 11. c4 Ng4 12. h4 f6 13. Nh3 Be6 14. Re1 Rb8 15. Nf1 b5 16. f3 Qd7 17. cxb5 Rxb5 18. fxg4 Bxg4 19. Qc2 Reb8 20. Nf2 Be6 21. Kh2 Bb3 22. Qe2 Bf7 23. Bh3 Qb7 24. Nd2 Na5 25. Bf1 Qa6 26. Qd1 R5b7 27. Qc2 g6 28. Nc4 Nb3 29. Rb1 Nxc1 30. Rexc1 Bh6 31. Re1 Rb3 32. Ng4 Bf8 33. Qd2 Bxc4 34. dxc4 Qb6 35. Nf2 Rxb2 36. Rxb2 Qxb2 37. Qxb2 Rxb2 38. Kg2 h5 39. Re2 Rb3 40. Ra2 Kf7 41. a4 a5 42. Nd3 Be7 43. Be2 Ke6 44. Kf2 f5 45. Rb2 Rxb2 46. exf5+ Kxf5 47. Nxb2 e4 48. Bf1 g5 49. hxg5 Bxg5 50. Bh3+ Ke5 51. Bf1 Bc1 52. Nd3+ exd3 53. Bxd3 1/2-1/2

[Event "Marianske Lazne op 14th"]
[Site "Marianske Lazne"]
[Date "2015.01.23"]
[Round "8"]
[White "Monin, Nikolay"]
[Black "Janska, Jitka"]
[Result "1-0"]
[WhiteElo "2200"]
[BlackElo "2021"]
[PlyCount "65"]
[EventDate "2015.01.17"]
[EventType "swiss"]
[EventRounds "9"]
[EventCountry "CZE"]
[SourceTitle "CBM 164 Extra"]
[Source "ChessBase"]
[SourceDate "2015.03.02"]
[SourceVersion "1"]
[SourceVersionDate "2015.03.02"]
[SourceQuality "1"]

1. Nf3 d5 2. g3 c5 3. Bg2 Nc6 4. d4 cxd4 5. Nxd4 e5 6. Nxc6 bxc6 7. 0-0 Ba6 8. b3 Qc7 9. c4 d4 10. e3 0-0-0 11. exd4 Rxd4 12. Qe2 Rd8 13. Be3 Ne7 14. Nc3 f5 15. Rad1 Rxd1 16. Rxd1 g6 17. Bc5 Nd5 18. Nxd5 cxd5 19. Bxf8 Rxf8 20. Bxd5 Re8 21. b4 e4 22. Rd4 Re7 23. a4 Kb8 24. Qd2 Bc8 25. a5 Bd7 26. h4 e3 27. Qe2 Qd6 28. c5 Qf6 29. Rd1 Qc3 30. Kh2 Ba4 31. Rd3 Qxd3 32. Qxd3 e2 33. Bf3 1-0

[Event "Marianske Lazne op 14th"]
[Site "Marianske Lazne"]
[Date "2015.01.22"]
[Round "7"]
[White "Bretsnajdr, Vladimir"]
[Black "Monin, Nikolay"]
[Result "1-0"]
[WhiteElo "2288"]
[BlackElo "2200"]
[PlyCount "57"]
[EventDate "2015.01.17"]
[EventType "swiss"]
[EventRounds "9"]
[EventCountry "CZE"]
[SourceTitle "CBM 164 Extra"]
[Source "ChessBase"]
[SourceDate "2015.03.02"]
[SourceVersion "1"]
[SourceVersionDate "2015.03.02"]
[SourceQuality "1"]

1. d4 Nf6 2. c4 e6 3. g3 d5 4. Nf3 dxc4 5. Bg2 Nc6 6. 0-0 Rb8 7. a4 Na5 8. Nbd2 Bb4 9. Qc2 0-0 10. Nxc4 Nxc4 11. Qxc4 a5 12. Bg5 c6 13. e4 h6 14. Bf4 Ra8 15. Ne5 Re8 16. Rfd1 Bf8 17. Qb3 Qe7 18. Nc4 Qb4 19. Qc2 Qe7 20. Bd2 Qd8 21. Bc3 b6 22. Qb3 Ra6 23. Rac1 Bb7 24. Bxa5 bxa5 25. Qxb7 Qc8 26. Qb3 Rd8 27. Ne5 Qc7 28. Qc4 Rb6 29. Nxc6 1-0

[Event "Marianske Lazne op 14th"]
[Site "Marianske Lazne"]
[Date "2015.01.18"]
[Round "2"]
[White "Monin, Nikolay"]
[Black "Hoke, Petr"]
[Result "1-0"]
[WhiteElo "2200"]
[BlackElo "1948"]
[PlyCount "75"]
[EventDate "2015.01.17"]
[EventType "swiss"]
[EventRounds "9"]
[EventCountry "CZE"]
[SourceTitle "CBM 164 Extra"]
[Source "ChessBase"]
[SourceDate "2015.03.02"]
[SourceVersion "1"]
[SourceVersionDate "2015.03.02"]
[SourceQuality "1"]

1. Nf3 d6 2. d4 Nd7 3. e4 e5 4. c4 c6 5. Nc3 Be7 6. Be2 Ngf6 7. 0-0 0-0 8. Qc2 Qc7 9. Rd1 Re8 10. Rb1 Nf8 11. d5 c5 12. a3 a6 13. b4 b6 14. a4 Bd7 15. Qd3 Ng6 16. g3 Reb8 17. Ne1 Bc8 18. Nc2 Qd7 19. Ne3 Bf8 20. Rd2 Rb7 21. Rdb2 Rab8 22. Rb3 Be7 23. R1b2 Bd8 24. Qb1 h6 25. Bd2 Kf8 26. Nf5 Ne7 27. bxc5 dxc5 28. Ne3 a5 29. Nb5 Kg8 30. Bf3 Ng6 31. Qc1 Qe7 32. Qb1 Ne8 33. Bg4 Bxg4 34. Nxg4 Rd7 35. Ne3 Ra8 36. Nf5 Qf6 37. Rf3 Ne7 38. Nxh6+ 1-0

[Event "Chigorin Memorial 22nd"]
[Site "St Petersburg"]
[Date "2014.10.23"]
[Round "6"]
[White "Monin, Nikolay"]
[Black "Nanjo, Ryosuke"]
[Result "0-1"]
[WhiteElo "2209"]
[BlackElo "2384"]
[PlyCount "62"]
[EventDate "2014.10.18"]
[EventType "swiss"]
[EventRounds "9"]
[EventCountry "RUS"]
[SourceTitle "EXT 2015"]
[Source "ChessBase"]
[SourceDate "2014.11.20"]
[SourceVersion "1"]
[SourceVersionDate "2014.11.20"]
[SourceQuality "1"]

1. Nf3 d5 2. c4 c6 3. e3 Nf6 4. d4 e6 5. Nbd2 Nbd7 6. Bd3 Bd6 7. 0-0 0-0 8. e4 e5 9. cxd5 cxd5 10. Re1 Re8 11. exd5 exd4 12. Nxd4 Nc5 13. Bc4 Bg4 14. f3 Bh5 15. Rxe8+ Qxe8 16. Nf1 a6 17. a3 Qe5 18. Ne2 Rd8 19. Nc3 b5 20. Ba2 Bg6 21. Be3 Nd3 22. Qd2 Rc8 23. Kh1 Bxa3 24. f4 Qc7 25. bxa3 Qxc3 26. Qxc3 Rxc3 27. Bd4 Rxa3 28. Bxf6 gxf6 29. d6 Kf8 30. g3 Be4+ 31. Kg1 Bd5 0-1

[Event "Chigorin Memorial 20th"]
[Site "St Petersburg"]
[Date "2012.11.01"]
[Round "6"]
[White "Monin, Nikolay"]
[Black "Trapeznikova, Darya"]
[Result "1/2-1/2"]
[WhiteElo "2325"]
[BlackElo "2072"]
[PlyCount "94"]
[EventDate "2012.10.27"]
[EventType "swiss"]
[EventRounds "9"]
[EventCountry "RUS"]
[SourceTitle "EXT 2013"]
[Source "ChessBase"]
[SourceDate "2012.11.22"]
[SourceVersion "1"]
[SourceVersionDate "2012.11.22"]
[SourceQuality "1"]

1. d4 d5 2. Nf3 e6 3. c4 c6 4. e3 f5 5. Bd3 Nf6 6. 0-0 Bd6 7. b3 Qe7 8. Bb2 0-0 9. Nbd2 Ne4 10. Ne5 b6 11. f3 Nxd2 12. Qxd2 Bb7 13. e4 Bxe5 14. dxe5 fxe4 15. fxe4 Nd7 16. exd5 cxd5 17. Qe3 Rxf1+ 18. Rxf1 Rf8 19. Rxf8+ Nxf8 20. h3 Bc6 21. Bd4 Nd7 22. Kh2 Nc5 23. cxd5 exd5 24. Bc2 Ne4 25. Bb1 Bb7 26. Bb2 Qc5 27. Qf4 Qf8 28. Qe3 Qc5 29. Bd4 Qe7 30. Qf4 Qf8 31. Qc1 Qc8 32. Qe1 Qf8 33. Qc1 Qc8 34. Qxc8+ Bxc8 35. Bd3 Kf7 36. Kg1 g6 37. Kf1 Ng3+ 38. Kf2 Nf5 39. Bb2 Ke6 40. g4 Ne7 41. Ke3 Nc6 42. Kf4 Nb4 43. Bb1 Ba6 44. a3 Nd3+ 45. Bxd3 Bxd3 46. Kg5 Bf1 47. h4 Be2 1/2-1/2

[Event "EU-chT Seniors"]
[Site "Rogaska Slatina"]
[Date "2012.04.01"]
[Round "6.1"]
[White "Zivkovic, Ljubo"]
[Black "Monin, Nikolay"]
[Result "1-0"]
[WhiteElo "2279"]
[BlackElo "2332"]
[PlyCount "109"]
[EventDate "2012.03.27"]
[EventType "team-swiss"]
[EventRounds "9"]
[EventCountry "SLO"]
[SourceTitle "CBM 147 Extra"]
[Source "ChessBase"]
[SourceDate "2012.04.24"]
[SourceVersion "1"]
[SourceVersionDate "2012.04.24"]
[SourceQuality "1"]
[WhiteTeam "Montenegro (Seniors)"]
[BlackTeam "St Petersburg (Seniors)"]
[WhiteTeamCountry "MNE"]
[BlackTeamCountry "RUS"]

1. c4 g6 2. Nc3 Bg7 3. g3 d6 4. Bg2 e5 5. e3 f5 6. d3 Nf6 7. Nge2 0-0 8. 0-0 c6 9. Rb1 Be6 10. b4 d5 11. d4 e4 12. c5 a6 13. Bd2 g5 14. a4 Bf7 15. b5 axb5 16. axb5 Bh5 17. Qb3 Nbd7 18. Ra1 Bf3 19. Rxa8 Qxa8 20. Qb2 Qe8 21. Ra1 Bxg2 22. Kxg2 Qh5 23. h3 Bh6 24. Ra7 Rb8 25. Qa2 f4 26. exf4 gxf4 27. Nxf4 Qf3+ 28. Kg1 Bxf4 29. Bxf4 Re8 30. Be3 Qh5 31. Kg2 cxb5 32. Rxb7 Nf8 33. Rxb5 Ng6 34. c6 Kh8 35. Nxd5 Rg8 36. Qb3 Qf3+ 37. Kf1 Nxd5 38. Rxd5 Ne7 39. Re5 Qh1+ 40. Ke2 Qxh3 41. d5 Qg4+ 42. Ke1 h5 43. c7 h4 44. gxh4 Nc8 45. Re6 Rg6 46. Rxg6 Qxg6 47. Qc3+ Kh7 48. Qc6 Qg1+ 49. Kd2 Qg7 50. Qc3 Qd7 51. Qc6 Qg7 52. Qc3 Qd7 53. Qc4 Qg4 54. h5 Qf5 55. h6 1-0

[Event "EU-chT Seniors"]
[Site "Rogaska Slatina"]
[Date "2012.03.28"]
[Round "2.3"]
[White "Monin, Nikolay"]
[Black "Kristiansen, Erling"]
[Result "1/2-1/2"]
[WhiteElo "2332"]
[BlackElo "2181"]
[PlyCount "35"]
[EventDate "2012.03.27"]
[EventType "team-swiss"]
[EventRounds "9"]
[EventCountry "SLO"]
[SourceTitle "CBM 147 Extra"]
[Source "ChessBase"]
[SourceDate "2012.04.24"]
[SourceVersion "1"]
[SourceVersionDate "2012.04.24"]
[SourceQuality "1"]
[WhiteTeam "St Petersburg (Seniors)"]
[BlackTeam "Norway (Seniors)"]
[WhiteTeamCountry "RUS"]
[BlackTeamCountry "NOR"]

1. e4 e5 2. Nc3 Nf6 3. Bc4 Nc6 4. d3 Na5 5. Nge2 Nxc4 6. dxc4 Bc5 7. 0-0 d6 8. Qd3 Be6 9. Na4 Nd7 10. b3 a6 11. Nxc5 Nxc5 12. Qg3 Nxe4 13. Qxg7 Qf6 14. Qxf6 Nxf6 15. f4 Nh5 16. Bb2 f6 17. c5 Rg8 18. cxd6 1/2-1/2

[Event "St Petersburg-ch sf 85th"]
[Site "St Petersburg"]
[Date "2012.02.03"]
[Round "7.8"]
[White "Monin, Nikolay"]
[Black "Kitsis, Andrey"]
[Result "1-0"]
[WhiteElo "2360"]
[BlackElo "2195"]
[PlyCount "71"]
[EventDate "2012.01.28"]
[EventType "swiss"]
[EventRounds "9"]
[EventCountry "RUS"]
[SourceTitle "CBM 146 Extra"]
[Source "ChessBase"]
[SourceDate "2012.02.29"]
[SourceVersion "1"]
[SourceVersionDate "2012.02.29"]
[SourceQuality "1"]

1. d4 Nf6 2. Nf3 g6 3. c4 Bg7 4. Nc3 d5 5. e3 0-0 6. cxd5 Nxd5 7. Bc4 Nxc3 8. bxc3 c5 9. 0-0 Nc6 10. Ba3 cxd4 11. cxd4 Na5 12. Be2 Be6 13. Qa4 b6 14. Rac1 Bxa2 15. Bxe7 Qxe7 16. Qxa2 Nb7 17. Ba6 Nd6 18. Rc6 Rfd8 19. Rfc1 h6 20. h4 Rd7 21. g3 Qe4 22. Ne1 Rad8 23. Bd3 Qe7 24. Bxg6 Kh8 25. Bb1 f5 26. Ng2 b5 27. Nf4 Kh7 28. R1c5 Rf8 29. Rd5 Rf6 30. Nh5 Rf8 31. Qa3 Qf7 32. Rcxd6 Rxd6 33. Rxf5 Qxf5 34. Bxf5+ Rxf5 35. Qd3 Rdd5 36. g4 1-0

[Event "St Petersburg-ch sf 85th"]
[Site "St Petersburg"]
[Date "2012.02.02"]
[Round "6.11"]
[White "Dubovsky, Artyom"]
[Black "Monin, Nikolay"]
[Result "0-1"]
[WhiteElo "1976"]
[BlackElo "2360"]
[PlyCount "58"]
[EventDate "2012.01.28"]
[EventType "swiss"]
[EventRounds "9"]
[EventCountry "RUS"]
[SourceTitle "CBM 146 Extra"]
[Source "ChessBase"]
[SourceDate "2012.02.29"]
[SourceVersion "1"]
[SourceVersionDate "2012.02.29"]
[SourceQuality "1"]

1. e4 e6 2. d4 d5 3. e5 c5 4. c3 Nc6 5. Nf3 Qb6 6. Bd3 cxd4 7. cxd4 Bd7 8. 0-0 Nxd4 9. Nxd4 Qxd4 10. Nc3 a6 11. Qe2 Ne7 12. Kh1 Nc6 13. f4 Nb4 14. Rd1 Bc5 15. Bxa6 Qf2 16. Qxf2 Bxf2 17. Bb5 Bxb5 18. Nxb5 Rxa2 19. Rxa2 Nxa2 20. Bd2 Kd7 21. Ra1 Rc8 22. Na3 Bc5 23. Rxa2 Bb4 24. Be3 d4 25. Bg1 Rc1 26. b3 d3 27. Nc4 Bc5 28. h4 Bxg1 29. Ra4 b5 0-1

[Event "St Petersburg-ch sf 85th"]
[Site "St Petersburg"]
[Date "2012.01.31"]
[Round "4.8"]
[White "Martynov, Pavel1"]
[Black "Monin, Nikolay"]
[Result "1-0"]
[WhiteElo "2237"]
[BlackElo "2360"]
[PlyCount "61"]
[EventDate "2012.01.28"]
[EventType "swiss"]
[EventRounds "9"]
[EventCountry "RUS"]
[SourceTitle "CBM 146 Extra"]
[Source "ChessBase"]
[SourceDate "2012.02.29"]
[SourceVersion "1"]
[SourceVersionDate "2012.02.29"]
[SourceQuality "1"]

1. e4 e6 2. d4 d5 3. Nd2 Nc6 4. Ngf3 Nf6 5. e5 Nd7 6. Nb3 Be7 7. Be2 a5 8. a4 b6 9. 0-0 Ba6 10. Bxa6 Rxa6 11. Qd3 Ra8 12. c3 h6 13. Be3 Qc8 14. Nc1 Qa6 15. Qd1 Kd8 16. Nd2 Kc8 17. Qg4 g6 18. Qf3 Rh7 19. Ne2 Kb7 20. Rfc1 Rf8 21. b4 axb4 22. c4 Ndxe5 23. dxe5 Nxe5 24. Qg3 Nxc4 25. Nxc4 dxc4 26. Qf3+ c6 27. Nd4 Rc8 28. Rd1 g5 29. Nxc6 g4 30. Na5+ Kb8 31. Bf4+ 1-0

[Event "Chigorin Memorial 19th"]
[Site "St Petersburg"]
[Date "2011.10.22"]
[Round "9"]
[White "Monin, Nikolay"]
[Black "Kulagin, Sergey"]
[Result "1-0"]
[WhiteElo "2365"]
[BlackElo "2128"]
[PlyCount "115"]
[EventDate "2011.10.14"]
[EventType "swiss"]
[EventRounds "9"]
[EventCountry "RUS"]
[SourceTitle "CBM 144 Extra"]
[Source "ChessBase"]
[SourceDate "2011.10.28"]
[SourceVersion "1"]
[SourceVersionDate "2011.10.28"]
[SourceQuality "1"]

1. d4 e6 2. Nf3 f5 3. e3 Nf6 4. Bd3 b6 5. 0-0 Bb7 6. Nbd2 Be7 7. Qe2 Ne4 8. Ne1 0-0 9. f3 Nxd2 10. Bxd2 Bf6 11. c3 Qe8 12. e4 g6 13. Nc2 d6 14. Bh6 Bg7 15. Bxg7 Kxg7 16. e5 d5 17. f4 c5 18. Na3 a6 19. g4 Nc6 20. gxf5 gxf5 21. Qf2 Qe7 22. Nc2 Kh8 23. Kh1 Rg8 24. Rg1 Rxg1+ 25. Rxg1 Rg8 26. Rg3 Rg7 27. Be2 Qh4 28. Kg2 Ne7 29. Rxg7 Qxf2+ 30. Kxf2 Kxg7 31. Ke3 c4 32. Ne1 Bc6 33. Nf3 h6 34. Nd2 Be8 35. Nf1 Nc6 36. Ng3 Ne7 37. Bf3 b5 38. b3 a5 39. Be2 Nc6 40. Kd2 Ne7 41. Kc2 Kf8 42. Kb2 Ng6 43. Nh5 Nh4 44. a4 Ng2 45. axb5 Bxb5 46. bxc4 Bxc4 47. Bxc4 dxc4 48. Ka3 Kf7 49. Ka4 Kg6 50. Nf6 Nxf4 51. Kxa5 Nd5 52. Kb5 f4 53. Kxc4 Nxf6 54. exf6 Kxf6 55. Kd3 Kf5 56. c4 h5 57. Ke2 h4 58. c5 1-0

[Event "Chigorin Memorial 19th"]
[Site "St Petersburg"]
[Date "2011.10.21"]
[Round "8"]
[White "Bukhteeva, Viktoria"]
[Black "Monin, Nikolay"]
[Result "1-0"]
[WhiteElo "2178"]
[BlackElo "2365"]
[PlyCount "81"]
[EventDate "2011.10.14"]
[EventType "swiss"]
[EventRounds "9"]
[EventCountry "RUS"]
[SourceTitle "CBM 144 Extra"]
[Source "ChessBase"]
[SourceDate "2011.10.28"]
[SourceVersion "1"]
[SourceVersionDate "2011.10.28"]
[SourceQuality "1"]

1. e4 e6 2. d4 d5 3. Nc3 Nf6 4. e5 Nfd7 5. f4 c5 6. Nf3 Nc6 7. Be3 Qb6 8. Na4 Qa5+ 9. c3 cxd4 10. b4 Qc7 11. Nxd4 Nxd4 12. Bxd4 Nb8 13. Be2 Nc6 14. 0-0 Nxd4 15. Qxd4 Be7 16. Rac1 0-0 17. c4 dxc4 18. Rxc4 Qd8 19. Qe4 Bd7 20. Rd1 Qe8 21. Nc3 Bc6 22. Qb1 b5 23. Rcd4 a5 24. a3 axb4 25. axb4 Ra3 26. Ne4 Qa8 27. Bf3 h6 28. Kh1 Rc8 29. h3 Bf8 30. Kh2 Bd5 31. Nd2 Qa7 32. Rxd5 exd5 33. Bxd5 Qd4 34. Bxf7+ Kh8 35. Qf5 Rd8 36. Bh5 Qxb4 37. Ne4 Rxd1 38. Bxd1 Qe7 39. Nd6 Ra7 40. Bb3 g5 41. Nf7+ 1-0

[Event "Chigorin Memorial 19th"]
[Site "St Petersburg"]
[Date "2011.10.19"]
[Round "6"]
[White "Bratus, Petr P"]
[Black "Monin, Nikolay"]
[Result "0-1"]
[WhiteElo "2119"]
[BlackElo "2365"]
[PlyCount "108"]
[EventDate "2011.10.14"]
[EventType "swiss"]
[EventRounds "9"]
[EventCountry "RUS"]
[SourceTitle "CBM 144 Extra"]
[Source "ChessBase"]
[SourceDate "2011.10.28"]
[SourceVersion "1"]
[SourceVersionDate "2011.10.28"]
[SourceQuality "1"]

1. Nf3 Nf6 2. c4 g6 3. Nc3 Bg7 4. e4 d6 5. d4 0-0 6. Be2 Nbd7 7. 0-0 e5 8. d5 Ne8 9. Ne1 f5 10. Nd3 f4 11. Bg4 h5 12. Be6+ Kh7 13. f3 Ndf6 14. Bxc8 Qxc8 15. h3 g5 16. Bd2 Rg8 17. Kf2 Bh6 18. Ke2 g4 19. hxg4 hxg4 20. Rg1 Ng7 21. Be1 Ngh5 22. Bf2 c6 23. Rc1 Ng3+ 24. Kd2 Rg7 25. Rc2 Rc7 26. Kc1 cxd5 27. cxd5 Qd7 28. Kb1 Ngh5 29. Re1 Bg5 30. Rc1 Kg6 31. a4 g3 32. Bg1 Ne8 33. Qb3 Bd8 34. Re2 Nhf6 35. Rec2 Rcc8 36. Nb5 a6 37. Na3 Rxc2 38. Qxc2 Ng8 39. Nc4 Kh7 40. Nb6 Bxb6 41. Bxb6 Ne7 42. Qb3 Kg7 43. Rc4 Nc8 44. Rb4 Nxb6 45. Rxb6 Ra7 46. Qb4 a5 47. Qb3 Qc7 48. Rb5 Nf6 49. Qd1 Ra8 50. Rb3 Rc8 51. Rc3 Qd7 52. Rxc8 Qxc8 53. Qc2 Qxc2+ 54. Kxc2 Nxe4 0-1